00397nmm a2200133Ia 4500008004100000020001800041041000800059100002000067245001700087264008000104300001600184650001200200856005100212251105s9999||||xx |||||||||||||||||und|| a9788468784441 aspa aStephens, Susan 0aAtada a él a[Madrid, España] :bHarlequin, c[Fecha de publicación no identificada] a0 páginas aRomance uhttps://public.digitaliapublishing.com/a/95106